Civilization VI Wonders - Statistics

General Stats
  • This quiz has been taken 142 times
  • The average score is 28 of 50
Answer Stats
Era Tech/Civic
Unlocked
Answer % Correct
Ancient Astrology Stonehenge
94%
Ancient Irrigation Hanging Gardens
88%
Classical Games and Recreation Colosseum
86%
Ancient Masonry Pyramids
86%
Classical Shipbuilding Colossus
81%
Classical Celestial Navigation Great Lighthouse
81%
Modern Steel Eiffel Tower
80%
Ancient Archery Temple of Artemis
79%
Classical Recorded History Great Library
77%
Industrial Economics Big Ben
75%
Ancient Mysticism Oracle
73%
Ancient Pottery Great Bath
72%
Classical Mathematics Petra
72%
Reanissance Printing Forbidden City
65%
Classical Military Training Statue of Zeus
65%
Industrial Astronomy Oxford University
64%
Classical Engineering Machu Picchu
62%
Medieval Castles Alhambra
61%
Atomic Cultural Heritage Sydney Opera House
61%
Modern Mass Media Broadway
60%
Classical Construction Terracotta Army
59%
Medieval Buttress Hagia Sophia
58%
Industrial Natural History Hermitage
58%
Industrial Industralization Ruhr Valley
58%
Renaissance Banking Great Zimbabwe
56%
Industrial Steam Power Panama Canal
55%
Industrial Opera and Ballet Bolshoi Theatre
53%
Classical Political Philosophy Apadana
52%
Modern Combustion Golden Gate Bridge
52%
Renaissance Astronomy Potala Palace
51%
Renaissance Mass Production Venetian Arsenal
50%
Medieval Medieval Faires Angkor Wat
49%
Atomic Synthetic Materials Biosphere
48%
Classical Defensive Tactics Mausoleum at Halicarnassus
46%
Medieval Guilds Chichen Itza
44%
Classical Iron Working Jebel Barkal
44%
Medieval Divine Right Mont St. Michel
43%
Medieval Education University of Sankore
43%
Ancient Writing Etemenanki
42%
Classical Theology Mahabodhi Temple
42%
Renaissance Humanism Taj Mahal
42%
Renaissance Reformed Church St. Basil's Cathedral
41%
Medieval Machinery Kilwa Kisiwani
35%
Atomic Professional Sports Estádio do Maracanã
34%
Medieval Military Tactics Huey Teocalli
33%
Atomic Cold War Amundsen-Scott Research Station
32%
Medieval Divine Right Kotoku-in
31%
Medieval Civil Service Meenakshi Temple
26%
Industrial Sanitation Országház
21%
Renaissance Cartography Casa de Constratación
3%
No matching quizzes found
Score Distribution
Percent of People with Each Score
Percentile by Number Answered
Your Score History
You have not taken this quiz